Jason causes chaos (Registo nº 52445)

Detalhes MARC
000 -Etiqueta do registo
campo de controlo de comprimento fixo 006230000a22002170004500
001 - Identificador do registo
Campo de controlo 52445
010 ## - ISBN
Número (ISBN) 84-294-4845-4
100 ## - Dados Gerais de Proc.
Dados gerais de processamento 20170316d2017 k y0pory5003 ba
101 0# - Língua da publicação
Língua do texto, banda sonora, etc. Inglês
102 ## - País de Publicação
País de publicação Reino Unido
200 1# - Título
Título próprio Jason causes chaos
Primeira menção de responsabilidade Jeremy Taylor
210 ## - Publicação, Distribuição
Lugar da edição, distribuição, etc. London
Nome do editor, distribuidor, etc. Richmond
Data da publicação, distribuição, etc. 1997
215 ## - Descrição física
Descrição física 48 p.
Outras indicações físicas il.
606 ## - Nome comum
Koha Internal code 2117
Elemento de entrada Literatura inglesa
Subdivisão de assunto Conto
675 ## - CDU
Notação 821.111-93
Edição BN
Língua da edição Português
675 ## - CDU
Notação 821.111-34
Edição BN
Língua da edição Português
700 #1 - Responsabilidade principal
Koha Internal Code 44933
Palavra de ordem Taylor
Outra parte do nome Jeremy
801 ## - Fonte de origem
País Portugal
Data da última transacção 20170316
090 ## - Números de controlo do sistema (Koha)
Número biblioitem do Koha (gerado automaticamente) 52445
942 ## - Elementos de entrada adicionados (Koha)
Tipo de item no Koha Monografias
Suprimido Disponível no OPAC
999 ## - Campo local
Campo local 52445
Exemplares
Perdido (estado) Data de aquisição Origem do registo (biblioteca) (codificado) Código da organização que empresta ou é detentora (biblioteca) Código de barras Cota Tipo de circulação (não pode ser emprestado) Tipo de item e material
Disponível 2017-03-16 Biblioteca EB23 D. Paio Peres Correia Biblioteca EB23 D. Paio Peres Correia BEBDPPC8375 82-93 TAY Normal Monografias